[Event "SC Tamm 74 - FSV Grossenseebach"]
[Site "Dittrichshuette"]
[Date "2004.12.27"]
[Round "2.3"]
[White "Borel, Markus"]
[Black "Doering, Andreas"]
[Result "1/2-1/2"]
[WhiteElo "1862"]
[BlackElo "1625"]
[PlyCount "80"]
[EventDate "2004.??.??"]

1. e4 e6 2. d3 d5 3. Nd2 Nf6 4. g3 dxe4 5. dxe4 Bc5 6. Bg2 Nc6 7. Ne2 e5 8. O-O
O-O 9. h3 Be6 10. Nb3 Bb6 11. Bg5 Bc4 12. Re1 Qxd1 13. Raxd1 Nb4 14. Na1 Rad8
15. Rxd8 Rxd8 16. a3 Nc6 17. Nb3 h6 18. Bc1 Na5 19. Nd2 Ba6 20. Nc3 Nh5 21. Nf1
Bd4 22. Ne2 Bb6 23. Bf3 Nf6 24. Ne3 Nc4 25. Nxc4 Bxc4 26. Kg2 Nh7 27. b3 Be6
28. Nc3 Ng5 29. Bxg5 hxg5 30. Nd5 c6 31. Nxb6 axb6 32. Rd1 Rxd1 33. Bxd1 g6 34.
c4 c5 35. Bc2 Kf8 36. g4 Ke7 37. Kf3 Kd6 38. Ke3 Kc6 39. Bd3 Kc7 40. Bc2 Kc6
1/2-1/2

[Event "SC Tamm 74 - FSV Grossenseebach"]
[Site "Dittrichshuette"]
[Date "2004.12.27"]
[Round "2.4"]
[White "Jannes, Alexander"]
[Black "Linsenmeyer, Mario"]
[Result "1/2-1/2"]
[WhiteElo "1513"]
[BlackElo "1691"]
[PlyCount "89"]
[EventDate "2004.??.??"]

1. d4 g6 2. c4 Bg7 3. Nc3 d6 4. e4 e5 5. d5 f5 6. Bd3 Nf6 7. Bg5 O-O 8. Qc2 h6
9. Bxf6 Qxf6 10. f3 Na6 11. a3 Nc5 12. Nge2 Rf7 13. b4 Nxd3+ 14. Qxd3 f4 15.
O-O-O Bd7 16. Kb2 Bf8 17. Nb5 Bc8 18. a4 a6 19. Nbc3 Qg5 20. Rhg1 Qh4 21. h3 g5
22. Ra1 h5 23. g3 fxg3 24. Rxg3 Bh6 25. Rag1 Rg7 26. Qd1 Bxh3 27. c5 g4 28.
fxg4 Bxg4 29. cxd6 cxd6 30. Qd3 Rf8 31. b5 axb5 32. Qxb5 Qe7 33. Qb6 Qc7 34.
Qxc7 Rxc7 35. Nb5 Rg7 36. Nec3 Rf6 37. a5 Bf4 38. R3g2 Rfg6 39. Ka3 Kf7 40. Nc7
Bd7 41. Rxg6 Rxg6 42. Rh1 Bg4 43. Ne6 Ke7 44. Rb1 Bxe6 45. dxe6 1/2-1/2

[Event "TSV Schott Mainz - USG Chemmnitz"]
[Site "Dittrichshuette"]
[Date "2004.12.27"]
[Round "2.1"]
[White "Schaetz, Christopher"]
[Black "Armbrust, Florian"]
[Result "0-1"]
[WhiteElo "1582"]
[BlackElo "2184"]
[PlyCount "64"]
[EventDate "2004.??.??"]

1. e4 c5 2. Nf3 d6 3. d4 cxd4 4. Nxd4 Nf6 5. Nc3 Nc6 6. Bc4 e6 7. Be3 Be7 8.
O-O O-O 9. Qe2 Bd7 10. Bb3 Nxd4 11. Bxd4 Bc6 12. f4 b5 13. Nxb5 Bxb5 14. Qxb5
Nxe4 15. Qe2 Nf6 16. Rad1 Qc7 17. c3 Rfd8 18. Rfe1 a5 19. Bc2 Rab8 20. b3 g6
21. f5 e5 22. fxg6 hxg6 23. c4 Kg7 24. Bc3 Rh8 25. Qd2 Ng4 26. Qd5 Qa7+ 27. c5
Rxh2 28. Rxe5 dxe5 29. Bxe5+ Nxe5 30. Qxe5+ Bf6 31. Qxh2 Qxc5+ 32. Kh1 Rh8 0-1

[Event "TSV Schott Mainz - USG Chemmnitz"]
[Site "Dittrichshuette"]
[Date "2004.12.27"]
[Round "2.2"]
[White "Fragin, Ilja"]
[Black "Eidner, Falk"]
[Result "1/2-1/2"]
[WhiteElo "1853"]
[BlackElo "1720"]
[PlyCount "58"]
[EventDate "2004.??.??"]

1. e4 e5 2. f4 exf4 3. Nf3 Nf6 4. Nc3 d5 5. exd5 Nxd5 6. Nxd5 Qxd5 7. b3 Bg4 8.
Bc4 Qe4+ 9. Qe2 Bxf3 10. gxf3 Qxe2+ 11. Kxe2 Nc6 12. Bb2 f6 13. Rhg1 O-O-O 14.
Rg4 Nd4+ 15. Bxd4 Rxd4 16. c3 Rd8 17. Rxf4 Bd6 18. Rh4 Rde8+ $11 19. Kf2 Re7
20. d4 h6 21. Re1 Rhe8 22. Rxe7 Rxe7 23. Bd3 Ba3 24. Bf5+ Kd8 25. c4 Bb2 26. d5
Re5 27. Bg6 Bc3 28. Re4 Ke7 29. Ke3 b6 1/2-1/2

[Event "TSV Schott Mainz - USG Chemmnitz"]
[Site "Dittrichshuette"]
[Date "2004.12.27"]
[Round "2.3"]
[White "Oertel, Thomas"]
[Black "Khalat, David"]
[Result "1/2-1/2"]
[WhiteElo "1613"]
[BlackElo "1637"]
[PlyCount "60"]
[EventDate "2004.??.??"]

1. e4 d5 2. exd5 Nf6 3. Nc3 Nxd5 4. Bc4 Nb6 5. Be2 Nc6 6. Nf3 e6 7. O-O Bc5 8.
Ne4 Be7 9. d4 O-O 10. c4 Nd7 11. Be3 Nf6 12. Bd3 b6 13. a3 Bb7 14. Qc2 h6 15.
h3 Nxe4 16. Bxe4 f5 17. Bxc6 Bxc6 18. Ne5 Be4 19. Qd2 Bd6 20. f3 Bb7 21. Nd3
Qf6 22. Qf2 f4 23. Bd2 Qf5 24. Qe2 Rae8 25. Rfe1 c5 26. dxc5 Bxc5+ 27. Nxc5
Qxc5+ 28. Kf1 Qf5 29. Bc3 Rf7 30. Rad1 Rc7 1/2-1/2

[Event "TSV Schott Mainz - USG Chemmnitz"]
[Site "Dittrichshuette"]
[Date "2004.12.27"]
[Round "2.4"]
[White "Katte, Nicolas"]
[Black "Klebanov, Andrej"]
[Result "0-1"]
[WhiteElo "1663"]
[BlackElo "1598"]
[PlyCount "63"]
[EventDate "2004.??.??"]

1. Nf3 Nf6 2. d4 g6 3. Bf4 d6 4. e3 Bg7 5. h3 O-O 6. Be2 Nbd7 7. c4 c5 8. O-O
b6 9. Nc3 Bb7 10. Rb1 Rc8 11. d5 Nh5 12. Bh2 Bxc3 13. bxc3 Nhf6 14. Qc2 Re8 15.
h4 Nf8 16. Rfd1 Rc7 17. Ng5 Bc8 18. Bf4 Bd7 19. Nh3 Bf5 20. Bd3 Bxd3 21. Qxd3
Qd7 22. f3 Rd8 23. Rb2 Nh5 24. Bh2 Qf5 25. e4 Qf6 26. g3 e5 27. Kg2 Nd7 28. g4
Ng7 29. Bg3 Rf8 30. Rf1 Qe7 31. Kh1 Rb8 32. Rg2 {Notation nicht nachvollziehbar
} 0-1

[Event "SC Kreuzberg - Johanneum Eppendorf"]
[Site "Dittrichshuette"]
[Date "2004.12.27"]
[Round "2.1"]
[White "Huschenbeth, Niclas"]
[Black "Figura, Atila Gajo"]
[Result "0-1"]
[WhiteElo "1966"]
[BlackElo "2222"]
[PlyCount "68"]
[EventDate "2004.??.??"]

1. e4 c5 2. Nc3 e6 3. Nf3 a6 4. d4 cxd4 5. Nxd4 Qc7 6. Be2 Nf6 7. O-O Nc6 8.
Be3 b5 9. a3 Bb7 10. f4 d6 11. Bd3 Be7 12. Qf3 O-O 13. Qg3 Kh8 14. Rae1 Nd7 15.
Nxc6 Bxc6 16. Bd4 e5 17. Nd5 Bxd5 18. exd5 Bf6 19. Bf5 exf4 20. Rxf4 Bxd4+ 21.
Rxd4 Ne5 22. Rh4 g6 23. Qh3 f6 24. Be6 Ra7 25. Qe3 Rb7 26. Qh6 Qg7 27. Qd2 f5
28. Qb4 Rd8 29. Re2 Rc7 30. b3 Ng4 31. h3 Rxc2 32. hxg4 Rxe2 33. Qa5 Qa1+ 34.
Kh2 Qe5+ 0-1

[Event "SC Kreuzberg - Johanneum Eppendorf"]
[Site "Dittrichshuette"]
[Date "2004.12.27"]
[Round "2.2"]
[White "Baumgardt, Laurin"]
[Black "Moshtael, Wesal"]
[Result "1-0"]
[WhiteElo "1774"]
[BlackElo "1902"]
[PlyCount "78"]
[EventDate "2004.??.??"]

1. e4 c5 2. Nc3 Nc6 3. f4 g6 4. Nf3 Bg7 5. Bc4 e6 6. f5 Nge7 7. fxe6 dxe6 8.
O-O O-O 9. d3 Na5 10. Qe1 Nec6 11. Bb5 Nd4 12. Nxd4 cxd4 13. Ne2 a6 14. Ba4 b5
15. Bd2 Nb7 16. Bb3 a5 17. a3 Nc5 18. Ba2 Qb6 19. Kh1 Bd7 20. Qh4 b4 21. Bh6
Bxh6 22. Qxh6 f6 23. h4 Ra7 24. axb4 axb4 25. Bc4 Rc7 26. Rf3 Nxe4 27. Ra6 Qb7
28. Bxe6+ Bxe6 29. Rxe6 Nd2 30. Qxd2 Qd5 31. Rexf6 Ra8 32. Qxb4 Rxc2 33. Rf8+
Kg7 34. Qe7+ Kh6 35. Qg5+ Kg7 36. R3f7+ Qxf7 37. Rxf7+ Kxf7 38. Qd5+ Kg7 39.
Qxa8 Rxe2 1-0

[Event "SC Kreuzberg - Johanneum Eppendorf"]
[Site "Dittrichshuette"]
[Date "2004.12.27"]
[Round "2.3"]
[White "Schmidt, Armin"]
[Black "Krautschick, Clemens"]
[Result "1/2-1/2"]
[WhiteElo "1791"]
[BlackElo "1521"]
[PlyCount "150"]
[EventDate "2004.??.??"]

1. e4 e5 2. Nf3 Nc6 3. Bb5 a6 4. Ba4 b5 5. Bb3 Be7 6. O-O Nf6 7. Re1 d6 8. c3
Na5 9. Bc2 c5 10. d4 Qc7 11. Nbd2 h6 12. Nf1 O-O 13. Ng3 Rd8 14. b3 Bg4 15.
dxe5 dxe5 16. Qe2 Nc6 17. h3 Bxf3 18. Qxf3 b4 19. Nf5 Bf8 20. Nxh6+ gxh6 21.
Qxf6 Rd6 22. Qf3 bxc3 23. Qxc3 Nd4 24. Be3 Rc6 25. Bd3 Qd7 26. Be2 a5 27. Bg4
Qb7 28. Bxd4 cxd4 29. Qg3 Bg7 30. Rac1 Raa6 31. Qd3 Rxc1 32. Rxc1 Rc6 33. Rc2
Qc7 34. Bd1 Rxc2 35. Qxc2 Qb7 36. f3 Bf8 37. Qd2 Kh7 38. Qxa5 Qe7 39. Qd5 Qf6
40. Qd7 Kh8 41. Qf5 Qe7 42. Be2 Bg7 43. Bc4 Bf6 44. a4 d3 45. Qc8+ Kg7 46. Bxd3
Qa3 47. Qc2 Qa1+ 48. Qb1 Qd4+ 49. Kh1 Bg5 50. b4 Bd2 51. b5 Ba5 52. Qc2 Bb6 53.
Qb1 Qxa4 54. Kh2 Qd4 55. Be2 Qe3 56. Qd1 Qf4+ 57. Kh1 Qe3 58. Kh2 Qf4+ 59. g3
Qe3 60. Qf1 h5 61. h4 f6 62. Qg2 Kh6 63. g4 hxg4 64. fxg4 Qf4+ 65. Kh3 Kg6 66.
Qf3 Qd2 67. Qf5+ Kg7 68. Qf3 Bd8 69. h5 Bb6 70. Bf1 Bd8 71. Qf5 Qe3+ 72. Kh4
Qe1+ 73. Kh3 Qe3+ 74. Kh2 Qg1+ 75. Kh3 Qe3+ 1/2-1/2

[Event "SC Kreuzberg - Johanneum Eppendorf"]
[Site "Dittrichshuette"]
[Date "2004.12.27"]
[Round "2.4"]
[White "Tong, Lukas Fabian Chuan"]
[Black "Wenzel, Birger"]
[Result "0-1"]
[WhiteElo "965"]
[BlackElo "1660"]
[PlyCount "27"]
[EventDate "2004.??.??"]

1. d4 Nf6 2. Nc3 d5 3. Bg5 Nbd7 4. Nf3 g6 5. Qd2 Bg7 6. Bxf6 O-O 7. Bxg7 Kxg7
8. h4 h5 9. O-O-O c6 10. Ne5 Qc7 11. Nxd7 Bxd7 12. f3 e5 13. e4 exd4 14. Qxd4+
{Notation nicht weiter nachvollziehbar} 0-1

[Event "Hamburger SK - SV Saarbruecken"]
[Site "Dittrichshuette"]
[Date "2004.12.27"]
[Round "2.1"]
[White "Mueller, Reinhold"]
[Black "Bracker, Frank"]
[Result "1/2-1/2"]
[WhiteElo "2048"]
[BlackElo "1905"]
[PlyCount "85"]
[EventDate "2004.??.??"]

1. d4 Nf6 2. c4 g6 3. Nc3 Bg7 4. e4 d6 5. f4 O-O 6. Nf3 Na6 7. Be2 e5 8. dxe5
dxe5 9. Qxd8 Rxd8 10. Nxe5 Nc5 11. Bf3 Be6 12. O-O Nfd7 13. Nxd7 Bd4+ 14. Kh1
Rxd7 15. Nd5 c6 16. Ne3 f5 17. exf5 gxf5 18. Rd1 Rad8 19. Rb1 Ne4 20. Bxe4 fxe4
21. b3 a6 22. Nc2 Bg4 23. Rxd4 Rxd4 24. Nxd4 Rxd4 25. Be3 Rd3 26. Re1 b5 27. h3
Be6 28. cxb5 cxb5 29. Bb6 Rd2 30. Rxe4 Bd5 31. Rd4 Bxg2+ 32. Kh2 Rxd4 33. Bxd4
Be4 34. Bc3 Bb1 35. a3 Bc2 36. b4 Kf7 37. Kg3 Bf5 38. h4 h5 39. Kf3 Ke6 40. Ke3
Kd5 41. Bb2 Bg6 42. Bc1 Bf5 43. Bb2 1/2-1/2

[Event "Hamburger SK - SV Saarbruecken"]
[Site "Dittrichshuette"]
[Date "2004.12.27"]
[Round "2.2"]
[White "Mueller, Philipp"]
[Black "Backes, Marco"]
[Result "1/2-1/2"]
[WhiteElo "1825"]
[BlackElo "1600"]
[PlyCount "57"]
[EventDate "2004.??.??"]

1. d4 Nf6 2. c4 g6 3. Nc3 Bg7 4. e4 O-O 5. e5 Ne8 6. Be3 d6 7. exd6 cxd6 8. Qd2
Nc6 9. Nf3 Bf5 10. Bd3 Bxd3 11. Qxd3 e5 12. Nd5 f5 13. Bg5 e4 14. Bxd8 exd3 15.
Ne7+ Nxe7 16. Bxe7 Rf7 17. Bg5 h6 18. Bd2 Re7+ 19. Kf1 Re2 20. Re1 Bxd4 21.
Nxd4 Rxd2 22. Rb1 Nf6 23. Ke1 Ne4 24. f3 Rxg2 25. fxe4 fxe4 26. Kf1 Rd2 27. Ke1
Rg2 28. Kf1 Rd2 29. Ke1 1/2-1/2

[Event "Hamburger SK - SV Saarbruecken"]
[Site "Dittrichshuette"]
[Date "2004.12.27"]
[Round "2.3"]
[White "Saken-Shaft, Nima"]
[Black "Salenko, Vadym"]
[Result "0-1"]
[WhiteElo "1569"]
[BlackElo "1786"]
[PlyCount "100"]
[EventDate "2004.??.??"]

1. d4 Nf6 2. Bf4 e6 3. e3 c5 4. Nf3 d5 5. c4 Nc6 6. h3 cxd4 7. exd4 a6 8. Nc3
dxc4 9. Bxc4 b5 10. Bb3 Na5 11. Rc1 Bd6 12. Ne2 Bb7 13. O-O Bxf3 14. gxf3 Nxb3
15. axb3 Bxf4 16. Nxf4 O-O 17. Qd3 Rc8 18. Rc3 Qd6 19. Ne2 Nd5 20. Rxc8 $11
Rxc8 21. Qd2 Nb4 22. Rc1 Rxc1+ 23. Qxc1 Qc6 24. Qf4 Kf8 25. Qh4 f6 26. Qg4 Nd5
27. Qe4 Ne7 28. Qd3 $11 Qd5 29. Qc3 e5 30. Kg2 Nc6 31. dxe5 fxe5 32. Qc2 Nd4
33. Qc8+ Kf7 34. Nxd4 $11 exd4 35. Qc7+ Kg6 36. Qc8 d3 37. Qe8+ Kh6 38. h4 d2
39. Qe3+ Kg6 40. Qe8+ $11 Kh6 41. Qe3+ g5 42. Qe8 d1=Q 43. Qf8+ Kh5 44. Qe8+
Kxh4 45. Qf8 Q5xf3+ 46. Qxf3 Qxf3+ 47. Kxf3 Kh3 48. b4 h5 49. b3 h4 50. Ke2 Kg2
0-1

[Event "Hamburger SK - SV Saarbruecken"]
[Site "Dittrichshuette"]
[Date "2004.12.27"]
[Round "2.4"]
[White "Held, Florian"]
[Black "Bastian, Ruben"]
[Result "1-0"]
[WhiteElo "1734"]
[BlackElo "1507"]
[PlyCount "55"]
[EventDate "2004.??.??"]

1. e4 c5 2. Nf3 Nc6 3. d4 cxd4 4. Nxd4 Nf6 5. Nc3 e5 6. Ndb5 d6 7. Bg5 a6 8.
Na3 b5 9. Bxf6 gxf6 10. Nd5 Be6 11. c3 Bg7 12. Nc2 f5 13. Bd3 fxe4 14. Bxe4 Rc8
15. Qh5 h6 16. Nce3 Ne7 17. Nxe7 Qxe7 18. Nf5 Bxf5 19. Qxf5 Rc4 20. Bd5 Rc5 21.
O-O Qf6 22. Qd3 Bf8 23. a4 Rg8 24. axb5 Rxb5 25. Bc6+ Ke7 26. Rxa6 Rxb2 27.
Ra7+ Kd8 28. Rd7+ 1-0

[Event "Heilbronner SV - SF Brackel"]
[Site "Dittrichshuette"]
[Date "2004.12.27"]
[Round "2.1"]
[White "Luft, Dennis"]
[Black "Geschnizjani, Ramin Tobias"]
[Result "0-1"]
[WhiteElo "1826"]
[BlackElo "1806"]
[PlyCount "126"]
[EventDate "2004.??.??"]

1. e4 c6 2. d4 d5 3. exd5 cxd5 4. Bd3 Nc6 5. c3 Nf6 6. Nf3 Qc7 7. O-O Bg4 8.
Na3 a6 9. Re1 e6 10. Qe2 Bd6 11. h3 Bh5 12. Nc2 O-O 13. Qe3 Bxf3 14. Qxf3 e5
15. dxe5 Nxe5 16. Qd1 Rfe8 17. Bg5 Nxd3 18. Qxd3 Ne4 19. Bh4 Bh2+ 20. Kh1 g5
21. Qxd5 Qf4 22. f3 Rad8 23. Qxb7 Nd6 24. Qb4 gxh4 25. Qxf4 Bxf4 26. Nb4 a5 27.
Nc6 Ra8 28. Rxe8+ Nxe8 29. Rd1 Ra6 30. Ne7+ Kf8 31. Nf5 Rf6 32. Nd4 Nd6 33. Re1
Bg3 34. Re2 Nf5 35. Nxf5 Rxf5 36. Rd2 Re5 37. Rd1 Re2 38. Rb1 Ke7 39. a4 Rc2
40. Kg1 Ke6 41. Kf1 Kd5 42. b4 Rxc3 43. bxa5 Ra3 44. Rb2 Rxa4 45. Ke2 Rxa5 46.
Rd2+ Kc4 47. Rc2+ Kb3 48. Rc1 Ra2+ 49. Kf1 Rd2 50. Kg1 Kb2 51. Rf1 Kc2 52. Ra1
Kd3 53. Rf1 Ke3 54. Rb1 Ke2 55. Ra1 Be5 56. Rb1 Rc2 57. Kh1 Kf2 58. Rd1 Kg3 59.
f4 Kxf4 60. Rb1 Kg3 61. Rd1 Rc3 62. Rf1 Bf4 63. Rd1 Rc1 0-1

[Event "Heilbronner SV - SF Brackel"]
[Site "Dittrichshuette"]
[Date "2004.12.27"]
[Round "2.2"]
[White "Luo, Xinping"]
[Black "Heyden, Jonas"]
[Result "0-1"]
[WhiteElo "1696"]
[BlackElo "1849"]
[PlyCount "136"]
[EventDate "2004.??.??"]

1. e4 e6 2. d4 d5 3. Nc3 Bb4 4. e5 Ne7 5. Qg4 Ng6 6. h4 h5 7. Qg3 c5 8. a3 Qa5
9. Rb1 cxd4 10. axb4 Qxb4 11. Bd2 dxc3 12. Bxc3 Qe4+ 13. Qe3 Qxe3+ 14. fxe3 O-O
15. Nf3 a6 16. Bd3 b5 17. Bxg6 fxg6 18. Rf1 Nc6 19. Ng5 Rf5 20. Rxf5 gxf5 21.
b4 Nd8 22. Ke2 $11 Nf7 23. Nxf7 Kxf7 24. Bd4 Bb7 25. Kf3 Rc8 26. c3 Rg8 27. Kf4
Kg6 28. g3 Kh6 29. Rh1 g5+ 30. hxg5+ Rxg5 31. Kf3 Rg8 32. Rh2 Kg5 33. Rh1 Rh8
34. Rh2 Ra8 35. Ra2 Bc6 36. Bc5 $11 d4+ 37. Kf2 Bd5 38. Rd2 dxc3 39. Rc2 a5 40.
bxa5 Rxa5 41. Bb4 Ra4 42. Bxc3 b4 43. Bd4 b3 44. Rd2 Be4 45. Rb2 Bc2 46. Kf3
Ra8 47. Bc3 Rd8 48. Bd4 Rd7 49. Bc5 Rd2 50. Be7+ Kg6 51. Ba3 Rh2 52. e4 Bxe4+
53. Ke3 Bc2 54. Be7 Rg2 55. Kf4 Re2 56. Bd6 Re4+ 57. Kf3 h4 58. gxh4 Rxh4 59.
Kg3 Rg4+ 60. Kf2 Rg5 61. Ke3 f4+ 62. Kf2 Kf5 63. Bc7 Ke4 64. Bb8 f3 65. Ba7
Rg2+ 66. Ke1 Kxe5 67. Bf2 Kd5 68. Be3 Re2+ 0-1

[Event "Heilbronner SV - SF Brackel"]
[Site "Dittrichshuette"]
[Date "2004.12.27"]
[Round "2.3"]
[White "Zeldin, Leonid"]
[Black "Haeusinger, Benjamin"]
[Result "1-0"]
[WhiteElo "1817"]
[BlackElo "1386"]
[PlyCount "57"]
[EventDate "2004.??.??"]

1. e4 c6 2. d4 d5 3. e5 Bf5 4. g4 Be4 5. f3 Bg6 6. h4 h5 7. e6 Qd6 8. exf7+
Bxf7 9. Ne2 Qf6 10. Qd3 Bg6 11. Qe3 Bxc2 12. g5 Qf7 13. Bh3 Bf5 14. Bxf5 Qxf5
15. Ng3 Qd7 16. Nd2 e6 17. f4 g6 18. Nf3 Bg7 19. Ne5 Bxe5 20. Qxe5 Rh7 21. f5
gxf5 22. Nxf5 Ne7 23. Nd6+ Kd8 24. O-O Nf5 25. g6 Rg7 26. Bg5+ Ne7 27. Qxg7
Qxd6 28. Bxe7+ Qxe7 29. Rf8+ 1-0

[Event "Heilbronner SV - SF Brackel"]
[Site "Dittrichshuette"]
[Date "2004.12.27"]
[Round "2.4"]
[White "Durmisi, Valon"]
[Black "Sennholz, Michael"]
[Result "0-1"]
[WhiteElo "1122"]
[BlackElo "1572"]
[PlyCount "118"]
[EventDate "2004.??.??"]

1. e4 e5 2. Nf3 Nf6 3. Nc3 Nc6 4. h3 Bb4 5. Bc4 Nxe4 6. Bxf7+ Kxf7 7. Nxe4 h6
8. c3 Be7 9. b4 d5 10. Ng3 e4 11. Nh2 Bh4 12. b5 Na5 13. O-O Rf8 14. Qh5+ Kg8
15. Qg6 Rf6 16. Qh5 Bxg3 17. fxg3 Rxf1+ 18. Kxf1 Qf6+ 19. Kg1 Qb6+ 20. Kh1 Qxb5
21. a4 Qc6 22. Ba3 Nc4 23. Bc1 Be6 24. Qg6 Ne5 25. Qh5 Nd3 26. Nf1 Nxc1 27.
Rxc1 Qxa4 28. Ne3 Qd7 29. Rd1 Rf8 30. d3 exd3 31. Rxd3 c6 32. c4 Qf7 33. Qxf7+
Bxf7 34. cxd5 Rd8 35. d6 Be6 36. g4 Kf7 37. Ra3 a6 38. Rd3 b5 39. Nc2 c5 40.
Ne1 b4 41. Nf3 Kf6 42. Kg1 b3 43. Nd2 c4 44. Rf3+ Ke5 45. Re3+ Kxd6 46. Ne4+
Kc6 47. Nc3 Bg8 48. Kf1 Rd3 49. Rxd3 cxd3 50. Ke1 Kc5 51. Kd2 Bc4 52. Na4+ Kb4
53. Nb2 a5 54. Kc1 a4 55. Kd2 a3 56. Nxd3+ Bxd3 57. Kxd3 a2 58. g5 b2 59. gxh6
b1=Q+ 0-1

[Event "Sfr. Neuberg - SC 1975 Paimar"]
[Site "Dittrichshuette"]
[Date "2004.12.27"]
[Round "2.1"]
[White "Segeritz, Philipp"]
[Black "Knickel, Aaron"]
[Result "0-1"]
[WhiteElo "1572"]
[BlackElo "1931"]
[PlyCount "92"]
[EventDate "2004.??.??"]

1. e4 c5 2. Nf3 d6 3. d4 cxd4 4. Nxd4 Nf6 5. Nc3 g6 6. Bg5 Bg7 7. Qd2 h6 8. Be3
Ng4 9. Bc4 Nxe3 10. Qxe3 O-O 11. f4 Qb6 12. O-O-O Nc6 13. e5 dxe5 14. Nd5 Qc5
15. Nxc6 Qxe3+ 16. Nxe3 bxc6 17. fxe5 Bxe5 18. g3 Rb8 19. c3 Bf6 20. Rhf1 Bg5
21. Rde1 h5 22. h4 Bh6 23. Kc2 e6 24. Bb3 a5 25. Nc4 Ba6 26. Rf2 a4 27. Bxa4
Bxc4 28. Bxc6 Bxa2 29. b4 Bc4 30. Re4 Ba6 31. Kb3 Rfc8 32. Ba4 Bb7 33. Rd4 Be3
34. Rfd2 Bxd2 35. Rxd2 Bd5+ 36. Kb2 Ra8 37. Bb3 Bxb3 38. Kxb3 Rd8 39. Rc2 Rd3
40. b5 Kf8 41. Kb4 Ke7 42. c4 Rxg3 43. b6 Kd7 44. Kc5 Rc8+ 45. Kb5 Rb3+ 46. Ka6
Kc6 0-1

[Event "Sfr. Neuberg - SC 1975 Paimar"]
[Site "Dittrichshuette"]
[Date "2004.12.27"]
[Round "2.2"]
[White "Weber, Max"]
[Black "Schloetterlein, Sandro"]
[Result "1-0"]
[WhiteElo "1877"]
[BlackElo "1408"]
[PlyCount "111"]
[EventDate "2004.??.??"]

1. c4 c5 2. Nf3 Nc6 3. e3 e5 4. d3 Nf6 5. Be2 d5 6. cxd5 Nxd5 7. b3 g6 8. Bb2
Bg7 9. a3 b6 10. Qc2 Bb7 11. Nbd2 O-O 12. O-O Qd7 13. Nc4 Rfe8 14. Rfd1 Nc7 15.
Rac1 Rad8 16. Qb1 Re7 17. Qa1 Qe8 18. Bf1 e4 19. dxe4 Bxb2 20. Qxb2 Rxd1 21.
Rxd1 Rd7 22. Rd6 Nb5 23. Rxd7 Qxd7 24. Qd2 Qxd2 25. Nfxd2 Nc3 26. Nd6 Ba8 27.
N2c4 Kf8 28. Nd2 Ke7 $11 29. Nb5 Nxb5 30. Bxb5 Nd8 31. Kf1 Bb7 32. a4 Ne6 33.
Ke2 Nc7 34. Bd3 f6 35. Nb1 Kd6 36. Nc3 Bc6 $11 37. Nb5+ Bxb5 38. axb5 Ke5 39.
f4+ Kd6 40. h4 h6 41. g4 g5 42. hxg5 hxg5 43. Bc4 Kd7 44. Kd3 Kd6 45. e5+ Ke7
46. Ke4 Ne8 47. Kf5 Ng7+ 48. Kg6 Ne8 49. Kf5 Ng7+ 50. Kg6 Ne8 51. exf6+ Nxf6
52. Kxg5 Nh7+ 53. Kf5 Kd6 54. g5 Ke7 55. g6 Nf6 56. g7 1-0

[Event "Sfr. Neuberg - SC 1975 Paimar"]
[Site "Dittrichshuette"]
[Date "2004.12.27"]
[Round "2.3"]
[White "Hehn, Nicolas"]
[Black "Seifert, Christopher"]
[Result "0-1"]
[WhiteElo "1539"]
[BlackElo "1849"]
[PlyCount "61"]
[EventDate "2004.??.??"]

1. d3 d5 2. g3 g6 3. Bg2 Bg7 4. c3 Nf6 5. Nd2 O-O 6. Ngf3 Re8 7. Qc2 e5 8. e4
c6 9. O-O Bg4 10. Re1 Nbd7 11. b3 Qc7 12. Bb2 Rad8 13. Rac1 dxe4 14. Nxe4 Nd5
15. a3 f5 16. Ned2 Re7 17. c4 N5f6 18. c5 Nd5 19. Qc4 Rde8 20. Ng5 N7f6 21.
Ngf3 Nd7 22. Ng5 N7f6 23. Ngf3 Kf8 24. b4 Bh6 25. Rc2 e4 26. Bxf6 Nxf6 27. Nd4
e3 28. N2f3 Bxf3 29. Nxf3 exf2+ 30. Kxf2 Ng4+ 31. Kf1 0-1

[Event "Sfr. Neuberg - SC 1975 Paimar"]
[Site "Dittrichshuette"]
[Date "2004.12.27"]
[Round "2.4"]
[White "Iwanziw, Niklas"]
[Black "Frey, Simone"]
[Result "1/2-1/2"]
[WhiteElo "1396"]
[BlackElo "1031"]
[PlyCount "61"]
[EventDate "2004.??.??"]

1. d4 d5 2. c4 e6 3. Nc3 c5 4. e3 Nc6 5. Nf3 Nf6 6. cxd5 exd5 7. g3 g6 8. Bg2
Bg7 9. O-O O-O 10. dxc5 b6 11. cxb6 axb6 12. Re1 Be6 13. Nb5 Qd7 14. Nbd4 Rad8
15. b3 Bg4 16. Bb2 Rc8 17. Rc1 Ne4 18. Rxc6 Rxc6 19. Nxc6 Bxb2 20. Nce5 Qe6 21.
Nxg4 Qxg4 22. Qxd5 Nf6 23. Qg5 Qb4 24. Re2 Ne4 25. Qf4 Ba3 26. Ne5 Nc3 27. Qxb4
Nxe2+ 28. Kf1 Bxb4 29. Kxe2 Rc8 30. Nc6 Bf8 31. a4 1/2-1/2

[Event "SG Porz - SK Kelheim"]
[Site "Dittrichshuette"]
[Date "2004.12.27"]
[Round "2.1"]
[White "Schiller, Stefan"]
[Black "Schehl, Michael"]
[Result "1/2-1/2"]
[WhiteElo "1819"]
[BlackElo "1401"]
[PlyCount "94"]
[EventDate "2004.??.??"]

1. e4 d5 2. exd5 Qxd5 3. Nc3 Qa5 4. d4 c6 5. Nf3 Bg4 6. Be2 e6 7. h3 Bxf3 8.
Bxf3 Nf6 9. O-O Bd6 10. Re1 O-O 11. Ne4 Nxe4 12. Bxe4 Nd7 13. c3 Nf6 14. Bc2
Qc7 15. Bg5 Be7 16. Qd3 g6 17. Qf3 Qd8 18. Rad1 Re8 19. c4 Nd7 20. Bxe7 Rxe7
21. h4 Nb6 22. b3 Rd7 23. Qg4 Qf6 24. Re3 Rad8 25. Rf3 Qg7 26. Rfd3 Qf6 $11 27.
R3d2 h5 28. Qg3 Rxd4 29. Rxd4 Rxd4 30. Qb8+ Kg7 31. Rxd4 Qxd4 32. Qxa7 Qa1+ 33.
Kh2 Qe5+ 34. g3 Qc7 35. Qa5 c5 36. Qc3+ f6 37. Qd3 f5 38. Qe3 Qd6 39. Qd3 Qxd3
40. Bxd3 Kf6 41. Kg2 Ke5 42. Be2 Nd7 43. Bf3 b6 44. Bc6 Nf8 45. Kf3 Kf6 46. a3
e5 47. Bd5 Nd7 1/2-1/2

[Event "SG Porz - SK Kelheim"]
[Site "Dittrichshuette"]
[Date "2004.12.27"]
[Round "2.2"]
[White "Dandoerfer, Artur"]
[Black "Fuhrmann, Max"]
[Result "0-1"]
[WhiteElo "1408"]
[BlackElo "1768"]
[PlyCount "62"]
[EventDate "2004.??.??"]

1. e4 c6 2. d4 d5 3. Nc3 dxe4 4. Nxe4 Bf5 5. Ng3 Bg6 6. Nf3 Nd7 7. h4 h6 8. h5
Bh7 9. Bd3 Bxd3 10. Qxd3 Ngf6 11. Bd2 e6 12. O-O-O Bd6 13. Rde1 O-O 14. Ne4
Nxe4 15. Qxe4 Nf6 16. Qh4 Nd5 17. Qh3 c5 18. g4 Nf4 19. Qf1 cxd4 20. Re4 Nd5
21. Rxd4 Qf6 22. Qg2 Nf4 23. Bxf4 Bxf4+ 24. Kb1 Rfd8 25. Rhd1 $11 Rxd4 26. Rxd4
Rd8 27. Rxd8+ Qxd8 28. Qf1 Qd5 29. Qe2 Bg5 30. Nxg5 Qh1+ 31. Qd1 Qxd1# 0-1

[Event "SG Porz - SK Kelheim"]
[Site "Dittrichshuette"]
[Date "2004.12.27"]
[Round "2.3"]
[White "Eibl, Maximilian"]
[Black "Senay, Baris"]
[Result "1-0"]
[WhiteElo "1780"]
[BlackElo "1278"]
[PlyCount "69"]
[EventDate "2004.??.??"]

1. e4 c5 2. Nf3 d6 3. d4 cxd4 4. Nxd4 Nf6 5. Nc3 a6 6. Be2 e6 7. g4 h6 8. Be3
Nc6 9. f4 Qc7 10. h4 b5 11. Bf3 Nd7 12. Nxc6 Qxc6 13. e5 d5 14. Nxd5 exd5 15.
Bxd5 Qc7 16. Bxa8 Bb7 17. Bxb7 Qxb7 18. Rg1 Nc5 19. Qe2 Be7 20. O-O-O Na4 21.
Rh1 a5 22. f5 b4 23. Bd4 O-O 24. f6 Bc5 25. Bxc5 Nxc5 26. fxg7 Re8 27. g5 Ne4
28. gxh6 Ng3 29. h7+ Kxh7 30. Qd3+ Ne4 31. Rhg1 Kg8 32. Qf3 Qa8 33. Qh5 f6 34.
Qh8+ Kf7 35. e6+ 1-0

[Event "SG Porz - SK Kelheim"]
[Site "Dittrichshuette"]
[Date "2004.12.27"]
[Round "2.4"]
[White "Liwerant, Igor"]
[Black "Pokorny, Fabian"]
[Result "1/2-1/2"]
[WhiteElo "1332"]
[BlackElo "1336"]
[PlyCount "92"]
[EventDate "2004.??.??"]

1. e4 c5 2. Nf3 d6 3. d4 cxd4 4. Nxd4 Nf6 5. Nc3 g6 6. Be3 Bg7 7. f3 O-O 8. Qd2
Nc6 9. Nxc6 bxc6 10. Bh6 Be6 11. g4 Rb8 12. Bxg7 Kxg7 13. b3 Qa5 14. Nb1 Qxd2+
15. Nxd2 Nd7 16. Bd3 Ne5 17. Rg1 Nxd3+ 18. cxd3 a5 19. h4 a4 20. bxa4 Ra8 21.
h5 Rxa4 22. hxg6 hxg6 23. a3 Rfa8 24. Nb1 Kf6 25. f4 g5 26. f5 Bd7 27. Rh1 Ke5
28. Rh7 Be8 29. Nd2 Kf4 30. Ke2 Rxa3 31. Rf1+ Kxg4 32. Rg1+ Kf4 33. Rf1+ Kg4
34. Rh2 Ra1 35. Rg2+ Kh5 36. Rh2+ Kg4 37. Rg2+ Kh3 38. Rfg1 Rxg1 39. Rxg1 f6
40. Rh1+ Kg4 41. Ke3 Kg3 42. Rg1+ Kh3 43. Nf3 c5 44. Rh1+ Kg4 45. Rg1+ Kh3 46.
Rh1+ Kg4 1/2-1/2